000
00311 a2200109 4500
001
ART_40027
005
20260410161841.0
008
260409a
245
1
0
_a
Control de los actos de los entes reguladores
100
1
_a
Mata, Ismael
773
0
_t
RAP
_g
- Año 23, Nº 275 (ago. 2001)
_w
REV5941
999
_c
24146
_d
24146